United Nations University: annual report 1999 (Record no. 78508)

MARC details
000 -LEADER
fixed length control field 00936nam a2200205 a 4500
008 - FIXED-LENGTH DATA ELEMENTS--GENERAL INFORMATION
fixed length control field 090213s1999 ||||||||||||||||| || u
050 ## - LIBRARY OF CONGRESS CALL NUMBER
Classification number UNU(058)
110 ## - MAIN ENTRY--CORPORATE NAME
Corporate name or jurisdiction name as entry element United Nations Economic and Social Affairs (UNESA)
245 10 - TITLE STATEMENT
Title United Nations University: annual report 1999
Statement of responsibility, etc. by United Nations
260 ## - PUBLICATION, DISTRIBUTION, ETC.
Place of publication, distribution, etc. New York:
Name of publisher, distributor, etc. UNITED NATIONS
Date of publication, distribution, etc. 1999
300 ## - PHYSICAL DESCRIPTION
Extent 44p. :ill.
350 ## -
-- 0.00
650 ## - SUBJECT ADDED ENTRY--TOPICAL TERM
Topical term or geographic name entry element ENVIRONMENTAL SCIENCE--TECHNOLOGY
650 ## - SUBJECT ADDED ENTRY--TOPICAL TERM
Topical term or geographic name entry element FINANCIAL ADMINISTRATION AND HUMAN RESOURCE
650 ## - SUBJECT ADDED ENTRY--TOPICAL TERM
Topical term or geographic name entry element MANAGEMENT INFORMATION SYSTEMS
650 ## - SUBJECT ADDED ENTRY--TOPICAL TERM
Topical term or geographic name entry element NATIONAL SECURITY
650 ## - SUBJECT ADDED ENTRY--TOPICAL TERM
Topical term or geographic name entry element NETWORK, SYSTEMS MANAGEMENT
995 ## -
-- SPECIAL COLLECTIONS
-- 0.00
-- 029060
-- CBU-MAIN LIBRARY (Kitwe)
-- 1
-- 0.00
-- UNU(058)A5/1999B
-- 2
-- AVAILABLE
-- Feb 13, 2009
-- 029060
-- University Collection
995 ## -
-- SPECIAL COLLECTIONS
-- 0.00
-- 029059
-- CBU-MAIN LIBRARY (Kitwe)
-- 1
-- 0.00
-- UNU(058)A5/1999A
-- 1
-- AVAILABLE
-- Feb 13, 2009
-- 029059
-- University Collection
999 ## -
-- 78508
-- 78508
Holdings
Withdrawn status Lost status Source of classification or shelving scheme Damaged status Not for loan Permanent Location Current Location Shelving location Date acquired Total Checkouts Full call number Barcode Date last seen Copy number Price effective from Koha item type
          CBU-MAIN LIBRARY, KITWE. CBU-MAIN LIBRARY, KITWE.   05/17/2023   UNU(058)A5/1999B 029060 05/17/2023 1 05/17/2023 SPECIAL COLLECTION
          CBU-MAIN LIBRARY, KITWE. CBU-MAIN LIBRARY, KITWE.   05/17/2023   UNU(058)A5/1999A 029059 05/17/2023 2 05/17/2023 SPECIAL COLLECTION